Globalizácia dôsledky pre ľudstvo

Gespeichert in:
Bibliographische Detailangaben
1. Verfasser: Bauman, Zygmunt
Format: Buch
Sprache:Slowakisch
Veröffentlicht: Bratislava Kalligram 2000
Schlagworte:
Tags: Tag hinzufügen
Keine Tags, Fügen Sie das erste Tag hinzu!

MARC

LEADER 00000nam a2200000 4500
001 c122589
005 20250522110125.0
020 |a 80-7149-335-X 
041 0 |a slo 
044 |a SK 
245 1 0 |a Globalizácia  |b dôsledky pre ľudstvo  |c Zygmunt Bauman 
264 1 |a Bratislava  |b Kalligram  |c 2000 
300 |a 123 s. 
610 2 0 |a globalizácia 
610 2 0 |a sloboda 
610 2 0 |a spoločnosť globálna 
610 2 0 |a štát 
610 2 0 |a spoločnosť konzumná 
610 2 0 |a štýl životný 
610 2 0 |a mobilita sociálna 
100 1 |a Bauman, Zygmunt